| 000 | 00500nam a2200169Ia 4500 | ||
|---|---|---|---|
| 003 | OSt | ||
| 005 | 20260416153039.0 | ||
| 008 | 190216s9999||||xx |||||||||||||| ||und|| | ||
| 040 | _coclc | ||
| 082 |
_a920 _bYAT/Y |
||
| 100 |
_aYati, Nitya Chaitanya _96870 |
||
| 245 | 0 |
_aYati Charitham Atmakatha / _cNityachaitanya Yati |
|
| 260 |
_bMalayla Padana Gaveshna Kenthram , _c2003. _aTrissur; |
||
| 300 | _a929p | ||
| 650 | _aAthmakadha | ||
| 942 |
_cBK _2ddc _h920 _iYAT/Y _k920 _mYAT/Y |
||
| 999 |
_c28314 _d28314 |
||